[Event "Kitchener Riedstra Memorial U2000"]
[Site "Kitchener"]
[Date "2012.03.10"]
[Round "3"]
[White "Von Keitz, Michael"]
[Black "Forsyth, Garrett"]
[Result "0-1"]
[WhiteElo "1755"]
[BlackElo "1655"]
[PlyCount "62"]
[EventDate "2012.03.09"]
[EventType "swiss"]
[EventRounds "5"]
[EventCountry "CAN"]
[SourceTitle "EXT 2022"]
[Source "ChessBase"]
[SourceDate "2021.10.06"]
[SourceVersion "1"]
[SourceVersionDate "2021.10.06"]
[SourceQuality "1"]

1. Nf3 c5 2. g3 Nf6 3. b3 g6 4. Bg2 Bg7 5. Bb2 d5 6. d4 cxd4 7. Qxd4 0-0 8. Ne5 Nbd7 9. Bc3 Ne4 10. f4 Nxc3 11. Nxc3 Nxe5 12. fxe5 Bf5 13. 0-0-0 Qa5 14. Kb2 Rac8 15. Bxd5 Rfd8 16. b4 Qc7 17. Nb5 Qxc2+ 18. Ka3 Qxe2 19. Nc3 Qa6+ 20. Kb2 e6 21. g4 exd5 22. gxf5 Rc4 23. b5 Qa5 24. Qe3 d4 25. Rxd4 Rcxd4 26. f6 Bf8 27. e6 Rd2+ 28. Ka1 Qa3 29. Rb1 Rxa2+ 30. Nxa2 Qxe3 31. e7 Qe5+ 0-1

[Event "Guelph Winter Pro-Am U2000"]
[Site "Guelph"]
[Date "2012.02.11"]
[Round "2"]
[White "Forsyth, Garrett"]
[Black "Li, Hongyi"]
[Result "1-0"]
[WhiteElo "1603"]
[BlackElo "1770"]
[PlyCount "83"]
[EventDate "2012.02.10"]
[EventType "swiss"]
[EventRounds "5"]
[EventCountry "CAN"]
[SourceTitle "EXT 2022"]
[Source "ChessBase"]
[SourceDate "2021.10.06"]
[SourceVersion "1"]
[SourceVersionDate "2021.10.06"]
[SourceQuality "1"]

1. e4 c5 2. Nf3 Nc6 3. d4 cxd4 4. Nxd4 e5 5. Nxc6 bxc6 6. c4 Bb4+ 7. Bd2 Bxd2+ 8. Qxd2 Ne7 9. c5 a5 10. Nc3 0-0 11. Na4 Ba6 12. Bxa6 Rxa6 13. 0-0 Ng6 14. Rad1 Qh4 15. f3 Ra7 16. Nb6 Kh8 17. Nc4 Qe7 18. Nd6 Nf4 19. g3 Ne6 20. Qe3 Rb8 21. Rf2 Raa8 22. f4 exf4 23. gxf4 a4 24. f5 a3 25. b3 Nc7 26. Rg2 f6 27. h4 Rb4 28. Nc4 Na6 29. Nd6 Nc7 30. h5 Rab8 31. h6 Nb5 32. Nc4 g5 33. fxg6 hxg6 34. Rxg6 Re8 35. Kf2 Qf7 36. Rg7 Qh5 37. Rdg1 d5 38. h7 Qh4+ 39. Kf1 Qg5 40. R1xg5 fxg5 41. Qxg5 Rf8+ 42. Kg1 1-0